Recent advances in constraints : joint ERCIM/CoLogNET International Workshop on Constraint Solving and Constraint Logic Programming, CSCLP 2005, Uppsala, Sweden, June 20-22, 2005 : revised selected and invited papers /
| Corporate Authors: | , , , |
|---|---|
| Other Authors: | |
| Format: | Conference Proceeding eBook |
| Language: | English |
| Published: |
Berlin ; New York :
Springer,
[2006]
|
| Series: | Lecture notes in computer science ;
3978. Lecture notes in computer science. Lecture notes in artificial intelligence. |
| Subjects: | |
| Online Access: | Connect to the full text of this electronic book Publisher description |
MARC
| Tag | First Indicator | Second Indicator | Subfields |
|---|---|---|---|
| LEADER | 00000cam a2200000Ia 4500 | ||
| 001 | in00002475021 | ||
| 005 | 20210727085336.0 | ||
| 006 | m d | ||
| 007 | cr cn||||||||| | ||
| 008 | 081017s2006 gw a sb 101 0 eng d | ||
| 020 | |a 3540342168 | ||
| 020 | |a 9783540342168 | ||
| 035 | |a (OCoLC)262693315 | ||
| 035 | |a (OCoLC)ocn262693315 | ||
| 035 | |a 3073286 | ||
| 037 | |a 978-3-540-34215-1 |b Springer |n http://www.springerlink.com | ||
| 040 | |a GW5XE |b eng |c GW5XE |d UtOrBLW | ||
| 049 | |a TEFA | ||
| 050 | 1 | 4 | |a QA76.612 |b .J65 2005eb |
| 072 | 7 | |a QA |2 lcco | |
| 082 | 0 | 4 | |a 005.115 |2 22 |
| 082 | 0 | 4 | |a 005.116 |2 22 |
| 111 | 2 | |a Joint ERCIM/CoLogNet International Workshop on Constraint Solving and Constraint Logic Programming |d (2005 : |c Uppsala, Sweden) | |
| 245 | 1 | 0 | |a Recent advances in constraints : |b joint ERCIM/CoLogNET International Workshop on Constraint Solving and Constraint Logic Programming, CSCLP 2005, Uppsala, Sweden, June 20-22, 2005 : revised selected and invited papers / |c Brahim Hnich [and others](eds.). |
| 246 | 3 | 0 | |a CSCLP 2005 |
| 264 | 1 | |a Berlin ; |a New York : |b Springer, |c [2006] | |
| 264 | 4 | |c ©2006 | |
| 300 | |a viii, 178 pages : |b illustrations ; |c 24 cm. | ||
| 336 | |a text |b txt |2 rdacontent | ||
| 337 | |a computer |b c |2 rdamedia | ||
| 338 | |a online resource |b cr |2 rdacarrier | ||
| 490 | 1 | |a Lecture notes in computer science, |x 0302-9743 ; |v 3978. |a Lecture notes in artifiical intelligence | |
| 500 | |a Electronic resource. | ||
| 504 | |a Includes bibliographical references and index. | ||
| 533 | |a Electronic reproduction. |b New York : |c Springer, |d 2008. |n Mode of access: World Wide Web. |n System requirements: Web browser. |n Title from title screen (viewed on Oct. 10, 2008). |n Access may be restricted to users at subscribing institutions. | ||
| 650 | 0 | |a Constraint programming (Computer science) |v Congresses. |0 http://id.loc.gov/authorities/subjects/sh2009120721 | |
| 650 | 0 | |a Logic programming |v Congresses. |0 http://id.loc.gov/authorities/subjects/sh2008107111 | |
| 650 | 6 | |a Programmation logique |v Congrès. | |
| 650 | 6 | |a Programmation par contraintes |v Congrès. | |
| 655 | 7 | |a Electronic books. |2 local | |
| 700 | 1 | |a Hnich, Brahim. |0 http://id.loc.gov/authorities/names/nb2006015352 | |
| 710 | 2 | |a CoLogNET. |0 http://id.loc.gov/authorities/names/n2005037256 | |
| 710 | 2 | |a European Research Consortium for Informatics and Mathematics. |0 http://id.loc.gov/authorities/names/n96043347 | |
| 710 | 2 | |a SpringerLink (Online service) |0 http://id.loc.gov/authorities/names/no2005046756 | |
| 776 | 1 | |c Original |z 354034215X |z 9783540342151 |w (DLC) 2006925094 |w (OCoLC)69983518 | |
| 830 | 0 | |a Lecture notes in computer science ; |v 3978. |0 http://id.loc.gov/authorities/names/n42015162 | |
| 830 | 0 | |a Lecture notes in computer science. |p Lecture notes in artificial intelligence. |0 http://id.loc.gov/authorities/names/n86736436 | |
| 856 | 4 | 0 | |u http://proxy.library.tamu.edu/login?url=https://dx.doi.org/10.1007/11754602 |z Connect to the full text of this electronic book |t 0 |
| 856 | 4 | 2 | |3 Publisher description |u http://www.loc.gov/catdir/enhancements/fy0661/2006925094-d.html |t 0 |
| 994 | |a C0 |b TEF | ||
| 999 | |a MARS | ||
| 999 | f | f | |s f7d02a32-ec88-3468-b96a-4f12d94891ff |i 4df7b980-e385-3a24-bd37-4f5f27180813 |t 0 |
| 952 | f | f | |a Texas A&M University |b College Station |c Electronic Resources |d Available Online |t 0 |e QA76.612 .J65 2005eb |h Library of Congress classification |
| 998 | f | f | |a QA76.612 .J65 2005eb |t 0 |l Available Online |